000 01118nam a22002537a 4500
005 20170123164202.0
010 _aA-523903
020 _c100.00
035 _aA-523903
037 _bCen Lib / Ret
040 _aDPL
_bPN
082 _a854
_bਕਿਰਪਾ
100 _aਕਿਰਪਾਲ ਸਿੰਘ ਅਜਾਦ
_9133604
245 _aਵਿਸ਼ਵ ਦਰਸ਼ਨ /
_cਕਿਰਪਾਲ ਸਿੰਘ ਅਜਾਦ
_bਭਾਸ਼ਯ: ਸਾਹਿਤਕ, ਆਲੋਚਨਾ, ਸੋਸ਼ਲ ਅਤੇ ਦਾਰਸ਼ਨਿਕ /
246 _aVishva darshan : (essays : literary, criticism, social & philosphical) /
_bby Kirpal Singh Azad
260 _aਦਿੱਲੀ
_bਆਜਮੀ ਪਬਲਿਸ਼ਰਜ਼
_c1991
270 _aਆਜਮੀ ਪਬਲਿਸ਼ਰਜ਼
_bਦਿੱਲੀ
_e110006
300 _a200p.
_c23cm(Hb)
650 _aਸਾਹਿਤ -- ਪੰਜਾਬੀ
_9133605
650 _aਪੰਜਾਬੀ- ਨਿਬੰਧ
_9133606
650 _aLiterature -- Punjabi
_9133607
650 _aPunjabi - Essays
_9118968
942 _2ddc
_cPN
_h854
_mਕਿਰਪਾ
999 _c111142
_d111142